00298nam a2200133Ia 4500100001900000650001200019366000700031654000900038245004000047260002900087082001600116300000800132546002400140 aChacko/Philip  aGeneral f20 anano aSmall wonder the making of the nano bWestland Publisherc2010 a385.34bCHA a149 aENGLISHcproduction